000 00299nam a22001217a 4500
008 181127b xxu||||| |||| 00| 0 eng d
041 _aeng
080 _a043.3
100 _a0
101 _aBTH-MBE
245 _aAnaliza e pasqyrave financiare të bankës për biznes
_cMisini,Sh
942 _2udc
_cBK
999 _c52600
_d52600